000
00285nam a2200109Ia 4500
008
200302s9999 xx 000 0 und d
100
_a
Nikolaus Pevsner
245
_a
The Art and Architecture of India Buddhist Hindu Jain
260
_b
Penguin Books Ltd.
260
_c
1953
300
_a
288 P.,
999
_c
16
_d
16